000
00190 a2200097 4500
001
1067
100
_a
Dawson,C.L.
245
_a
Electrical
260
_a
_b
Mcgraw-Hill
_c
090
_c
632
_d
632
942
_a
NUST-CAE
_c
M
_c
32845
999
_c
236140
_d
236140